Rural economies intelligence (Record no. 112000)

MARC details
000 -LEADER
fixed length control field 00804cad a22001815a 4500
001 - CONTROL NUMBER
control field E152329
008 - FIXED-LENGTH DATA ELEMENTS--GENERAL INFORMATION
fixed length control field 110221s2010 xxk f 000 0 eng d
035 ## - SYSTEM CONTROL NUMBER
System control number (Sirsi) u152329
041 0# - LANGUAGE CODE
Language code of text/sound track or separate title eng
110 2# - MAIN ENTRY--CORPORATE NAME
Corporate name or jurisdiction name as entry element Commission for Rural Communities
9 (RLIN) 4993
245 00 - TITLE STATEMENT
Title Rural economies intelligence
Remainder of title December 2010, rural housing
Medium [electronic resource]
260 ## - PUBLICATION, DISTRIBUTION, ETC.
Place of publication, distribution, etc. [S.l.]
Name of publisher, distributor, etc. CRC
Date of publication, distribution, etc. 2010
520 ## - SUMMARY, ETC.
Summary, etc. Discusses the impact of the credit crunch on rural housing. Suggests that rural housing still remains more unaffordable than housing in urban areas.
651 #4 - SUBJECT ADDED ENTRY--GEOGRAPHIC NAME
Geographic name England
Chronological subdivision 886-
690 ## - LOCAL SUBJECT ADDED ENTRY--TOPICAL TERM (OCLC, RLIN)
Topical term or geographic name as entry element PROPERTY-RESIDENTIAL PROPERTY-DOMESTIC RESIDENTIAL PROPERTY-HOUSING
856 40 - ELECTRONIC LOCATION AND ACCESS
Uniform Resource Identifier <a href="https://ruralcommunities.gov.uk/2011/01/07/rural-housing/">https://ruralcommunities.gov.uk/2011/01/07/rural-housing/</a>
Public note View the item free of charge at http://ruralcommunities.gov.uk
942 ## - ADDED ENTRY ELEMENTS (KOHA)
Suppress in OPAC 0
Holdings
Withdrawn status Lost status Source of classification or shelving scheme Damaged status Not for loan Home library Current library Shelving location Date acquired Total Checkouts Full call number Barcode Date last seen Copy number Price effective from Koha item type
    Dewey Decimal Classification     Virtual Virtual Online 21/02/2011   ONLINE PUBLICATION 152329-1001 06/08/2019 1 06/08/2019 Book